[Event "2. Bundesliga Ost 2012/2013"]
[Site "6.+7.10., 17.+18.11., 1.12., 2.+3.2., 9.+10.3., 6.
[Date "2012.11.18"]
[Round "4"]
[Board "4"]
[White "Wagner, Stefan"]
[Black "Salamon, Werner"]
[Result "1/2-1/2"]
[WhiteElo "2178"]
[BlackElo "2133"]
[PlyCount "74"]
[EventDate "2012.10.06"]
[EventType "team"]
[EventRounds "11"]
[EventCountry "AUT"]
[WhiteTeam "Zwettl 2"]
[BlackTeam "ASVOE Mattersburg"]

1. c4 Nf6 2. g3 e6 3. Bg2 d5 4. Nf3 Be7 5. O-O O-O 6. b3 c5 7. cxd5 exd5 8. d4
Nc6 9. Bb2 Be6 10. Nc3 Rc8 11. Rc1 cxd4 12. Nxd4 Nxd4 13. Qxd4 Qa5 14. Rfd1 Ba3
15. Qa4 Qxa4 16. Nxa4 Bxb2 17. Nxb2 Ne4 18. Na4 b5 19. Bxe4 bxa4 20. Rxc8 Rxc8
21. Bxd5 Rd8 22. e4 axb3 23. axb3 Kf8 24. f4 Ke7 25. Kf2 Bxd5 26. exd5 Rb8 27.
Ra1 Rb7 28. Ra6 h5 29. Ke2 g6 30. Kd2 Rxb3 31. Rxa7+ Ke8 32. Kc2 Rb5 33. d6 Rd5
34. Re7+ Kf8 35. Rd7 Ke8 36. Re7+ Kf8 37. Rd7 Ke8 1/2-1/2

[Event "2. Bundesliga Ost 2012/2013"]
[Site "6.+7.10., 17.+18.11., 1.12., 2.+3.2., 9.+10.3., 6.
[Date "2012.11.18"]
[Round "4"]
[Board "5"]
[White "Strodl, Joachim"]
[Black "Vyskocil, Neklan"]
[Result "0-1"]
[WhiteElo "2066"]
[BlackElo "2368"]
[PlyCount "42"]
[EventDate "2012.10.06"]
[EventType "team"]
[EventRounds "11"]
[EventCountry "AUT"]
[WhiteTeam "ASVOE Mattersburg"]
[BlackTeam "Zwettl 2"]

1. Nf3 d5 2. c4 d4 3. b4 c5 4. Bb2 f6 5. e3 e5 6. Nxe5 fxe5 7. Qh5+ Kd7 8. Qf5+
Kc7 9. Qxe5+ Qd6 10. Qg5 Qf6 11. Qg3+ Bd6 12. f4 Nc6 13. bxc5 Bxc5 14. e4 Bd7
15. Na3 a6 16. Nc2 Re8 17. d3 Bd6 18. Ne3 Nge7 19. e5 Nxe5 20. Be2 Nxd3+ 21.
Bxd3 Bxf4 0-1

[Event "2. Bundesliga Ost 2012/2013"]
[Site "6.+7.10., 17.+18.11., 1.12., 2.+3.2., 9.+10.3., 6.
[Date "2012.11.18"]
[Round "4"]
[Board "6"]
[White "Buchnicek, Petr"]
[Black "Ganauser, Eduard"]
[Result "1-0"]
[WhiteElo "2352"]
[BlackElo "2045"]
[PlyCount "59"]
[EventDate "2012.10.06"]
[EventType "team"]
[EventRounds "11"]
[EventCountry "AUT"]
[WhiteTeam "Zwettl 2"]
[BlackTeam "ASVOE Mattersburg"]

1. e4 c5 2. f4 d5 3. exd5 Qxd5 4. Nc3 Qd8 5. Nf3 Nf6 6. Bc4 Nc6 7. Ne5 e6 8.
Nxc6 bxc6 9. Qf3 Qd7 10. b3 Be7 11. Bb2 O-O 12. O-O-O Rd8 13. g4 a5 14. a4 Ba6
15. Bxa6 Rxa6 16. d3 Rb6 17. g5 Nd5 18. Ne4 Rb4 19. Rdf1 Rdb8 20. Qg3 Qd8 21.
h4 Qb6 22. Be5 Rb7 23. Nd2 c4 24. Nxc4 Rxc4 25. dxc4 Ne3 26. Rd1 Nxc4 27. Bxg7
Ba3+ 28. Kb1 Ne3 29. Bd4 Bc5 30. Qxe3 1-0

[Event "2. Bundesliga Ost 2012/2013"]
[Site "6.+7.10., 17.+18.11., 1.12., 2.+3.2., 9.+10.3., 6.
[Date "2012.11.18"]
[Round "4"]
[Board "1"]
[White "Loeffler, Stefan"]
[Black "Zilka, Stepan"]
[Result "0-1"]
[WhiteElo "2410"]
[BlackElo "2529"]
[PlyCount "64"]
[EventDate "2012.10.06"]
[EventType "team"]
[EventRounds "11"]
[EventCountry "AUT"]
[WhiteTeam "ASVOe VHS Poechlarn"]
[BlackTeam "Blackburne Nickelsdorf"]

1. c4 e6 2. Nc3 d5 3. d4 Nf6 4. Bg5 Be7 5. e3 O-O 6. Qc2 c5 7. dxc5 Qa5 8.
O-O-O dxc4 9. Bxc4 Qxc5 10. Bxf6 gxf6 11. Ne4 Qc7 12. Nf3 Bd7 13. Kb1 f5 14.
Ng3 Rc8 15. Rc1 b5 16. Nxf5 Bf6 17. Qe4 bxc4 18. Qg4+ Kf8 19. Nh6 Ke7 20. b3 c3
21. Ng8+ Rxg8 22. Qxg8 Na6 23. Qxa8 Bc6 24. Qg8 Be4+ 25. Rc2 Bxc2+ 26. Kxc2
Nb4+ 27. Kd1 Qd6+ 28. Nd4 Bxd4 29. Ke2 Qa6+ 30. Kf3 Qc6+ 31. Kg3 Bf6 32. a3 Nd3
0-1

[Event "2. Bundesliga Ost 2012/2013"]
[Site "6.+7.10., 17.+18.11., 1.12., 2.+3.2., 9.+10.3., 6.
[Date "2012.11.18"]
[Round "4"]
[Board "2"]
[White "Pinter, Erik"]
[Black "Kostic, Vladimir"]
[Result "0-1"]
[WhiteElo "2379"]
[BlackElo "2417"]
[PlyCount "74"]
[EventDate "2012.10.06"]
[EventType "team"]
[EventRounds "11"]
[EventCountry "AUT"]
[WhiteTeam "Blackburne Nickelsdorf"]
[BlackTeam "ASVOe VHS Poechlarn"]

1. e4 e6 2. d4 d5 3. exd5 exd5 4. Nf3 Bd6 5. c4 dxc4 6. Bxc4 Nf6 7. O-O O-O 8.
h3 Nc6 9. Nc3 Bf5 10. Re1 h6 11. a3 a6 12. Be3 Qd7 13. Bf1 Rfe8 14. Qb3 Na5 15.
Qd1 b5 16. Nd2 c6 17. Rc1 Nd5 18. Nxd5 cxd5 19. g4 Bg6 20. Bg2 Bf8 21. f4 f6
22. f5 Bf7 23. Bf4 Rxe1+ 24. Qxe1 Re8 25. Qf2 Nc4 26. Nb3 Bd6 27. Nc5 Qe7 28.
Nxa6 Bxf4 29. Qxf4 Nxb2 30. Rc7 Qe1+ 31. Kh2 Nd3 32. Qd6 Re2 33. Rc8+ Kh7 34.
Qb8 Be8 35. Qg3 Qd2 36. Rxe8 Rxe8 37. Nc7 Re3 0-1

[Event "2. Bundesliga Ost 2012/2013"]
[Site "6.+7.10., 17.+18.11., 1.12., 2.+3.2., 9.+10.3., 6.
[Date "2012.11.18"]
[Round "4"]
[Board "3"]
[White "Weinzettl, Ernst"]
[Black "Vlcek, Stanislav"]
[Result "1/2-1/2"]
[WhiteElo "2257"]
[BlackElo "2292"]
[PlyCount "87"]
[EventDate "2012.10.06"]
[EventType "team"]
[EventRounds "11"]
[EventCountry "AUT"]
[WhiteTeam "ASVOe VHS Poechlarn"]
[BlackTeam "Blackburne Nickelsdorf"]

1. d4 Nf6 2. Bg5 Ne4 3. h4 c5 4. d5 g6 5. Nd2 Nxg5 6. hxg5 Bg7 7. c3 d6 8. Ngf3
h6 9. gxh6 Rxh6 10. Rxh6 Bxh6 11. Qa4+ Qd7 12. Qh4 Bg7 13. e4 Qg4 14. Qh2 Nd7
15. O-O-O Ne5 16. Nxe5 Bxe5 17. g3 Bd7 18. f4 Bg7 19. Be2 Qh3 20. Qf2 O-O-O 21.
Bf3 Qh8 22. Rf1 Qf8 23. Qe2 e6 24. dxe6 Bxe6 25. Nc4 Kc7 26. Kb1 d5 27. exd5
Bxd5 28. Re1 Bxc4 29. Qxc4 Rd7 30. Qa4 Qd6 31. Rd1 Qe6 32. Rxd7+ Qxd7 33. Qxd7+
Kxd7 34. Bxb7 Kd6 35. Kc2 g5 36. fxg5 Be5 37. Kd3 Bxg3 38. Ke4 Be1 39. Kf5 Ke7
40. Ke5 Bf2 41. Ba6 Be3 42. Kd5 Kd7 43. Bc4 Kc7 44. b4 1/2-1/2

[Event "2. Bundesliga Ost 2012/2013"]
[Site "6.+7.10., 17.+18.11., 1.12., 2.+3.2., 9.+10.3., 6.
[Date "2012.11.18"]
[Round "4"]
[Board "4"]
[White "Bachofner, Andreas"]
[Black "Wilke, Werner"]
[Result "1-0"]
[WhiteElo "2207"]
[BlackElo "2249"]
[PlyCount "81"]
[EventDate "2012.10.06"]
[EventType "team"]
[EventRounds "11"]
[EventCountry "AUT"]
[WhiteTeam "Blackburne Nickelsdorf"]
[BlackTeam "ASVOe VHS Poechlarn"]

1. e4 e5 2. Nf3 Nc6 3. d4 exd4 4. Nxd4 Nf6 5. Nxc6 bxc6 6. e5 Qe7 7. Qe2 Nd5 8.
c4 Ba6 9. b3 Qh4 10. a3 Bc5 11. Bb2 Nf4 12. Qf3 Ne6 13. g3 Nd4 14. Qd3 Qg4 15.
Nd2 d5 16. h3 dxc4 17. bxc4 Qg6 18. Qxg6 hxg6 19. Ne4 Bb6 20. O-O-O O-O-O 21.
Bd3 Nb3+ 22. Kc2 Nc5 23. Nxc5 Bxc5 24. f4 Bf2 25. g4 Be3 26. f5 g5 27. e6 f6
28. Be2 Bc5 29. Rxd8+ Rxd8 30. h4 Be3 31. Bc3 Rh8 32. h5 c5 33. Rd1 Bb7 34. Rd7
Be4+ 35. Bd3 Bc6 36. Rxg7 Ba4+ 37. Kb2 Rd8 38. Bc2 Bxc2 39. Kxc2 Bd4 40. h6 Rh8
41. h7 1-0

[Event "2. Bundesliga Ost 2012/2013"]
[Site "6.+7.10., 17.+18.11., 1.12., 2.+3.2., 9.+10.3., 6.
[Date "2012.11.18"]
[Round "4"]
[Board "5"]
[White "Loidl, Florian"]
[Black "Bachofner, Christian"]
[Result "1-0"]
[WhiteElo "2203"]
[BlackElo "2082"]
[PlyCount "143"]
[EventDate "2012.10.06"]
[EventType "team"]
[EventRounds "11"]
[EventCountry "AUT"]
[WhiteTeam "ASVOe VHS Poechlarn"]
[BlackTeam "Blackburne Nickelsdorf"]

1. c4 Nf6 2. g3 c6 3. Bg2 d5 4. Nf3 e6 5. b3 Nbd7 6. O-O Be7 7. Bb2 O-O 8. d3
b6 9. Nbd2 Bb7 10. Qc2 c5 11. e4 Rc8 12. e5 Ne8 13. Rfe1 Nc7 14. h4 b5 15. a4
bxc4 16. dxc4 Na6 17. Rad1 Nb4 18. Qb1 Qb6 19. Bc3 Rfd8 20. Bxb4 cxb4 21. Ng5
Nf8 22. cxd5 Bxd5 23. Bxd5 Rxd5 24. Nc4 Qc6 25. Rxd5 Qxd5 26. Rd1 Qc6 27. Qe4
Bxg5 28. Qxc6 Rxc6 29. hxg5 Rc8 30. Rd6 h6 31. gxh6 gxh6 32. f4 Kg7 33. Kf2 Rc7
34. Rd8 Nd7 35. Kf3 Nc5 36. Nd6 Rd7 37. Rc8 Nxb3 38. Ne8+ Kg6 39. Nf6 Rd3+ 40.
Kg4 h5+ 41. Kh4 Nd4 42. Rg8+ Kh6 43. Rh8+ Kg7 44. Rb8 Kh6 45. Rxb4 Nf3+ 46. Kh3
Rd2 47. g4 Ng1+ 48. Kh4 hxg4 49. Nxg4+ Kg6 50. Rb8 Kf5 51. Rb7 Kxf4 52. Rxf7+
Ke4 53. Re7 Kf5 54. Rxa7 Nf3+ 55. Kg3 Nxe5 56. Ra5 Rd3+ 57. Kh4 Rd5 58. Ne3+
Ke4 59. Nxd5 exd5 60. Ra8 d4 61. a5 d3 62. a6 d2 63. Rd8 Nf3+ 64. Kh3 Nd4 65.
a7 d1=Q 66. a8=Q+ Kf4 67. Qb8+ Ke4 68. Qb7+ Kf4 69. Qf7+ Ke4 70. Qd5+ Ke3 71.
Qe5+ Kf2 72. Qxd4+ 1-0

[Event "2. Bundesliga Ost 2012/2013"]
[Site "6.+7.10., 17.+18.11., 1.12., 2.+3.2., 9.+10.3., 6.
[Date "2012.11.18"]
[Round "4"]
[Board "6"]
[White "Steinert, Martin"]
[Black "Lammer, Stefan"]
[Result "1-0"]
[WhiteElo "2094"]
[BlackElo "2079"]
[PlyCount "85"]
[EventDate "2012.10.06"]
[EventType "team"]
[EventRounds "11"]
[EventCountry "AUT"]
[WhiteTeam "Blackburne Nickelsdorf"]
[BlackTeam "ASVOe VHS Poechlarn"]

1. Nf3 Nf6 2. c4 c5 3. Nc3 Nc6 4. g3 g6 5. Bg2 Bg7 6. O-O O-O 7. Rb1 Rb8 8. a3
a5 9. d4 cxd4 10. Nxd4 Nxd4 11. Qxd4 b6 12. Qh4 Bb7 13. e4 d6 14. Rd1 Qc8 15.
Nd5 Nxd5 16. cxd5 Bf6 17. Bg5 Bxg5 18. Qxg5 Qd8 19. Rbc1 Bc8 20. e5 f6 21. exf6
Rxf6 22. Re1 Kg7 23. Rc4 e5 24. dxe6 Bxe6 25. Rce4 Bf7 26. Re7 Rc8 27. Qe3 Rc7
28. Rxc7 Qxc7 29. Rc1 Qd8 30. Qd4 Kg8 31. Rc6 Re6 32. h4 d5 33. Rc1 Re8 34. h5
Qg5 35. Rf1 Qxh5 36. Qxb6 Qe5 37. Qxa5 Qxb2 38. Bxd5 Bxd5 39. Qxd5+ Kh8 40. Qf7
Rb8 41. Rd1 Qe5 42. a4 Ra8 43. Rd7 1-0

[Event "2. Bundesliga Ost 2012/2013"]
[Site "6.+7.10., 17.+18.11., 1.12., 2.+3.2., 9.+10.3., 6.
[Date "2012.11.18"]
[Round "4"]
[Board "1"]
[White "Srienz, Christian"]
[Black "Penz, Harald"]
[Result "1-0"]
[WhiteElo "2323"]
[BlackElo "2311"]
[PlyCount "61"]
[EventDate "2012.10.06"]
[EventType "team"]
[EventRounds "11"]
[EventCountry "AUT"]
[WhiteTeam "tschaturanga"]
[BlackTeam "SK Hietzing"]

1. c4 e6 2. Nc3 d5 3. d4 Nf6 4. cxd5 exd5 5. Bg5 Be7 6. e3 O-O 7. Bd3 h6 8.
Bxf6 Bxf6 9. Nf3 Nc6 10. O-O Ne7 11. b4 c6 12. Qc2 g6 13. Rab1 Bf5 14. b5 Rc8
15. bxc6 bxc6 16. Na4 Qa5 17. Nc5 Rc7 18. Rfc1 Bxd3 19. Qxd3 Nf5 20. Na6 Rcc8
21. Nb4 Nd6 22. Nd2 Qa4 23. Qb3 Qa5 24. Rc5 Qb6 25. Qc2 Nb5 26. Nxc6 Na3 27.
Rxb6 Nxc2 28. Rb3 Na1 29. Rb1 Rc7 30. Rxa1 Rfc8 31. Rac1 1-0

[Event "2. Bundesliga Ost 2012/2013"]
[Site "6.+7.10., 17.+18.11., 1.12., 2.+3.2., 9.+10.3., 6.
[Date "2012.11.18"]
[Round "4"]
[Board "2"]
[White "Janetschek, Karl"]
[Black "Sadilek, Peter"]
[Result "1/2-1/2"]
[WhiteElo "2257"]
[BlackElo "2248"]
[PlyCount "60"]
[EventDate "2012.10.06"]
[EventType "team"]
[EventRounds "11"]
[EventCountry "AUT"]
[WhiteTeam "SK Hietzing"]
[BlackTeam "tschaturanga"]

1. e4 e6 2. d4 d5 3. Nc3 Nf6 4. Bg5 Bb4 5. e5 h6 6. Bd2 Bxc3 7. bxc3 Ne4 8. Bd3
Nxd2 9. Qxd2 c5 10. Nf3 O-O 11. g3 Qa5 12. c4 Qxd2+ 13. Kxd2 dxc4 14. Bxc4 cxd4
15. Nxd4 Nd7 16. f4 Nb6 17. Bb3 Rd8 18. Ke3 Bd7 19. Rhd1 Rac8 20. Rd3 Rc5 21.
Kd2 Rdc8 22. Re1 Nc4+ 23. Kc1 R8c7 24. Rc3 Kf8 25. Rd1 Ke7 26. Bxc4 Rxc4 27.
Rxc4 Rxc4 28. Kb2 a6 29. Kb3 Rc5 30. c3 Ra5 1/2-1/2

[Event "2. Bundesliga Ost 2012/2013"]
[Site "6.+7.10., 17.+18.11., 1.12., 2.+3.2., 9.+10.3., 6.
[Date "2012.11.18"]
[Round "4"]
[Board "3"]
[White "Kleiser, Gregor"]
[Black "Prager, Manfred"]
[Result "1-0"]
[WhiteElo "2286"]
[BlackElo "2035"]
[PlyCount "157"]
[EventDate "2012.10.06"]
[EventType "team"]
[EventRounds "11"]
[EventCountry "AUT"]
[WhiteTeam "tschaturanga"]
[BlackTeam "SK Hietzing"]

1. d4 Nf6 2. Nf3 d5 3. g3 e6 4. Bg2 Be7 5. O-O O-O 6. c4 c6 7. b3 b6 8. Bb2 Bb7
9. Nc3 Nbd7 10. Qc2 Rc8 11. Rfd1 Qc7 12. Rac1 Rfe8 13. Qb1 Qb8 14. e4 dxe4 15.
Ng5 h6 16. Ngxe4 Red8 17. Re1 Nxe4 18. Qxe4 Nf6 19. Qe2 Rd7 20. Red1 Rcd8 21.
Rd3 Bc5 22. Rcd1 Bxd4 23. Nd5 c5 24. Nxf6+ gxf6 25. Bxb7 Qxb7 26. Bxd4 Rxd4 27.
Rxd4 Rxd4 28. Rxd4 cxd4 29. Qg4+ Kf8 30. Qxd4 Kg7 31. Qg4+ Kf8 32. Qd1 Qe4 33.
h3 Qe5 34. Kg2 Qc5 35. Qf3 Kg7 36. Qg4+ Kf8 37. Qe4 Kg7 38. Kf3 Qa3 39. Qc2 Qc5
40. h4 Qh5+ 41. Kg2 Qc5 42. Kf1 a5 43. Qd2 a4 44. Qc3 Qa3 45. Qc2 axb3 46. axb3
Qa5 47. Qe4 Qb4 48. Qe3 Qa5 49. Kg2 Qa8+ 50. Qf3 Qa3 51. Qc3 Qa8+ 52. Kf1 Qh1+
53. Ke2 Qe4+ 54. Kd2 Qf5 55. Qd4 Qa5+ 56. Ke3 Qb4 57. Qg4+ Kf8 58. Qd1 Kg7 59.
Kd3 Qc5 60. Qg4+ Kf8 61. Qd4 Qf5+ 62. Kc3 Qa5+ 63. Kb2 Kg7 64. Qd6 b5 65. b4
Qa4 66. cxb5 Qxb5 67. Kb3 Qe2 68. Qd4 Qf3+ 69. Qe3 Qd5+ 70. Kb2 Qc4 71. Ka3
Qa6+ 72. Kb3 Qb5 73. Qe4 Qa6 74. Qg4+ Kf8 75. Qc4 Qa1 76. Qf4 Kg7 77. b5 Qa5
78. Qg4+ Kf8 79. Qb4+ 1-0

[Event "2. Bundesliga Ost 2012/2013"]
[Site "6.+7.10., 17.+18.11., 1.12., 2.+3.2., 9.+10.3., 6.
[Date "2012.11.18"]
[Round "4"]
[Board "4"]
[White "Kropik, Martin"]
[Black "Leitner, Gerald"]
[Result "1/2-1/2"]
[WhiteElo "2133"]
[BlackElo "2206"]
[PlyCount "99"]
[EventDate "2012.10.06"]
[EventType "team"]
[EventRounds "11"]
[EventCountry "AUT"]
[WhiteTeam "SK Hietzing"]
[BlackTeam "tschaturanga"]

1. d4 Nf6 2. c4 e6 3. Nc3 c5 4. d5 exd5 5. cxd5 d6 6. e4 g6 7. f4 Bg7 8. Nf3
O-O 9. Be2 Re8 10. Nd2 b6 11. O-O Ba6 12. Re1 Bxe2 13. Qxe2 a6 14. a4 Nbd7 15.
Qf3 Qc7 16. Nc4 Rac8 17. Be3 Qb8 18. Bf2 b5 19. axb5 axb5 20. Na5 b4 21. Nc6
Qb6 22. Na4 Qb7 23. Rac1 Rxc6 24. dxc6 Qxc6 25. e5 Qxa4 26. exf6 Nxf6 27. b3
Rxe1+ 28. Rxe1 Qa6 29. f5 g5 30. g4 h6 31. h4 gxh4 32. Bxh4 d5 33. Bxf6 Bxf6
34. Qxd5 Bd4+ 35. Kh1 Qd3 36. Re8+ Kg7 37. f6+ Kxf6 38. Qd8+ Kg7 39. Rg8+ Kh7
40. Rh8+ Kg6 41. Qg8+ Kf6 42. Qd8+ Kg6 43. Qg8+ Kf6 44. Rxh6+ Ke7 45. Qg5+ f6
46. Qg7+ Kd6 47. Qf8+ Kc6 48. Qe8+ Kb6 49. Qd8+ Kb5 50. Qd7+ 1/2-1/2

[Event "2. Bundesliga Ost 2012/2013"]
[Site "6.+7.10., 17.+18.11., 1.12., 2.+3.2., 9.+10.3., 6.
[Date "2012.11.18"]
[Round "4"]
[Board "5"]
[White "Dueckstein, Andreas"]
[Black "Prager, Michael"]
[Result "1/2-1/2"]
[WhiteElo "2208"]
[BlackElo "1996"]
[PlyCount "62"]
[EventDate "2012.10.06"]
[EventType "team"]
[EventRounds "11"]
[EventCountry "AUT"]
[WhiteTeam "tschaturanga"]
[BlackTeam "SK Hietzing"]

1. e4 e5 2. Nf3 Nc6 3. Bb5 a6 4. Ba4 d6 5. c3 Nf6 6. Qe2 b5 7. Bc2 Be7 8. d4
exd4 9. cxd4 Bg4 10. Be3 O-O 11. Nbd2 Nd7 12. a3 Nb6 13. O-O Na5 14. Rad1 Nac4
15. Nxc4 Nxc4 16. Bc1 Re8 17. h3 Bh5 18. g4 Bg6 19. b3 Nb6 20. d5 h6 21. Nd4
Bf6 22. Nc6 Qd7 23. Qf3 Nxd5 24. Nd4 Nb6 25. Nf5 Bxf5 26. gxf5 Qe7 27. Qg2 Kh7
28. Rfe1 Nd7 29. Kh1 c5 30. Bf4 Ne5 31. Rd5 Rad8 1/2-1/2

[Event "2. Bundesliga Ost 2012/2013"]
[Site "6.+7.10., 17.+18.11., 1.12., 2.+3.2., 9.+10.3., 6.
[Date "2012.11.18"]
[Round "4"]
[Board "6"]
[White "Allram, Sebastian"]
[Black "Sadilek, Maximilian"]
[Result "0-1"]
[WhiteElo "1972"]
[BlackElo "2165"]
[PlyCount "76"]
[EventDate "2012.10.06"]
[EventType "team"]
[EventRounds "11"]
[EventCountry "AUT"]
[WhiteTeam "SK Hietzing"]
[BlackTeam "tschaturanga"]

1. c4 g6 2. g3 Bg7 3. Bg2 Nf6 4. Nc3 O-O 5. d3 c6 6. e4 d5 7. cxd5 cxd5 8. e5
Nfd7 9. d4 Nb6 10. h4 h5 11. Nge2 Nc6 12. Nf4 Bg4 13. f3 Bf5 14. g4 hxg4 15. h5
Qd7 16. h6 Bxe5 17. dxe5 d4 18. h7+ Kh8 19. e6 Bxe6 20. Ne4 Bc4 21. b3 Ba6 22.
Nd3 Bxd3 23. Qxd3 Ne5 24. Qf1 gxf3 25. Bf4 Qf5 26. Bxe5+ Qxe5 27. Qxf3 f5 28.
O-O-O Rac8+ 29. Kb1 fxe4 30. Qxe4 Qxe4+ 31. Bxe4 e5 32. Bxg6 Nd5 33. Rc1 Nc3+
34. Kb2 Rf6 35. Rhg1 Rf2+ 36. Rc2 Rxc2+ 37. Bxc2 e4 38. Rc1 Rf8 0-1

[Event "2. Bundesliga Ost 2012/2013"]
[Site "6.+7.10., 17.+18.11., 1.12., 2.+3.2., 9.+10.3., 6.
[Date "2012.11.18"]
[Round "4"]
[Board "1"]
[White "Cvek, Robert"]
[Black "Kummer, Helmut"]
[Result "1-0"]
[WhiteElo "2540"]
[BlackElo "2353"]
[PlyCount "93"]
[EventDate "2012.10.06"]
[EventType "team"]
[EventRounds "11"]
[EventCountry "AUT"]
[WhiteTeam "ASVOE Pamhagen"]
[BlackTeam "Purbach"]

1. Nf3 d5 2. d4 e6 3. c4 Nf6 4. Nc3 Be7 5. Bg5 O-O 6. cxd5 exd5 7. Qc2 c6 8. e3
Nbd7 9. Bd3 Re8 10. h3 Nf8 11. Bf4 Bd6 12. Bxd6 Qxd6 13. O-O-O Be6 14. Kb1 Rec8
15. Rc1 Qe7 16. Rhd1 c5 17. dxc5 Rxc5 18. Nd4 Rac8 19. Qa4 a6 20. Qb4 Ng6 21.
Nb3 R5c7 22. Qxe7 Nxe7 23. Nd4 Kf8 24. Na4 Bd7 25. Rxc7 Rxc7 26. Nc3 Nc6 27.
Bc2 Ne5 28. Nde2 Be6 29. Nf4 Rc5 30. e4 dxe4 31. Nxe6+ fxe6 32. Nxe4 Rd5 33.
Rxd5 exd5 34. Nxf6 gxf6 35. Bxh7 Ke7 36. Kc2 Kd6 37. b3 Nc6 38. f4 f5 39. Kc3
Ne7 40. g4 fxg4 41. hxg4 a5 42. g5 b5 43. Bd3 Kc5 44. f5 b4+ 45. Kd2 Kd6 46. f6
Nc6 47. g6 1-0

[Event "2. Bundesliga Ost 2012/2013"]
[Site "6.+7.10., 17.+18.11., 1.12., 2.+3.2., 9.+10.3., 6.
[Date "2012.11.18"]
[Round "4"]
[Board "2"]
[White "Heiny, Johannes"]
[Black "Lipka, Juraj"]
[Result "1-0"]
[WhiteElo "2264"]
[BlackElo "2441"]
[PlyCount "105"]
[EventDate "2012.10.06"]
[EventType "team"]
[EventRounds "11"]
[EventCountry "AUT"]
[WhiteTeam "Purbach"]
[BlackTeam "ASVOE Pamhagen"]

1. d4 d5 2. c4 c6 3. Bf4 dxc4 4. e3 Be6 5. Nf3 Nf6 6. Nc3 h6 7. Ne5 Nd5 8. Bg3
Nb6 9. Be2 g6 10. Qc2 Na6 11. O-O Nb4 12. Qc1 Bg7 13. Ne4 Na6 14. Nxc4 Nxc4 15.
Bxc4 Bxc4 16. Qxc4 O-O 17. Rac1 Qd7 18. Rc3 Rfd8 19. Rfc1 Rac8 20. b4 Qd5 21.
b5 Qxe4 22. bxa6 b6 23. Qa4 c5 24. Rc4 Qd5 25. h3 e5 26. e4 Qd7 27. Qxd7 Rxd7
28. dxc5 Rxc5 29. Rxc5 bxc5 30. Rxc5 Rd1+ 31. Kh2 Rd6 32. Ra5 Bf6 33. f3 Kg7
34. Bf2 Rd7 35. Rd5 Rc7 36. a4 Bg5 37. Rxe5 Rc2 38. Bg3 Rc6 39. Ra5 Bd2 40. Rd5
Bc3 41. Rd6 Rxd6 42. Bxd6 Bd4 43. f4 Kf6 44. Bc7 Ke6 45. a5 Bc5 46. Bb6 Kd6 47.
g4 Kc6 48. Bxc5 Kxc5 49. Kg3 Kd4 50. Kf3 Kd3 51. h4 Kd4 52. e5 g5 53. h5 1-0

[Event "2. Bundesliga Ost 2012/2013"]
[Site "6.+7.10., 17.+18.11., 1.12., 2.+3.2., 9.+10.3., 6.
[Date "2012.11.18"]
[Round "4"]
[Board "3"]
[White "Maslik, Miroslav"]
[Black "Wolfram, Bernd"]
[Result "1-0"]
[WhiteElo "2376"]
[BlackElo "2234"]
[PlyCount "77"]
[EventDate "2012.10.06"]
[EventType "team"]
[EventRounds "11"]
[EventCountry "AUT"]
[WhiteTeam "ASVOE Pamhagen"]
[BlackTeam "Purbach"]

1. d4 Nf6 2. c4 g6 3. Nc3 d5 4. cxd5 Nxd5 5. e4 Nxc3 6. bxc3 Bg7 7. Be3 c5 8.
Qd2 Qa5 9. Nf3 cxd4 10. cxd4 Qxd2+ 11. Nxd2 Nc6 12. Nb3 O-O 13. Rc1 f5 14. Bc4+
Kh8 15. e5 f4 16. Bd2 f3 17. gxf3 Bh3 18. Rg1 Rxf3 19. Bd5 Rff8 20. Bxc6 bxc6
21. Bg5 Be6 22. Rxc6 Bd5 23. Rc7 e6 24. Rg3 a5 25. a4 Rfb8 26. Nd2 Kg8 27. Rgc3
Bf8 28. Bf6 Rb7 29. Rxb7 Bxb7 30. Rc7 Rb8 31. Nc4 Bf3 32. Kd2 Bh6+ 33. Kc3 Bf8
34. Nd6 Bd1 35. Rb7 Bxd6 36. Rg7+ Kf8 37. exd6 Bxa4 38. d7 Rd8 39. Bxd8 1-0

[Event "2. Bundesliga Ost 2012/2013"]
[Site "6.+7.10., 17.+18.11., 1.12., 2.+3.2., 9.+10.3., 6.
[Date "2012.11.18"]
[Round "4"]
[Board "4"]
[White "Wiedermann, Daniel"]
[Black "Vitouch, Anatol"]
[Result "1/2-1/2"]
[WhiteElo "2159"]
[BlackElo "2338"]
[PlyCount "84"]
[EventDate "2012.10.06"]
[EventType "team"]
[EventRounds "11"]
[EventCountry "AUT"]
[WhiteTeam "Purbach"]
[BlackTeam "ASVOE Pamhagen"]

1. d4 g6 2. c4 Bg7 3. e4 d6 4. Nc3 a6 5. Be3 c6 6. Qd2 b5 7. a3 Nd7 8. Nf3 Rb8
9. d5 cxd5 10. cxd5 Ngf6 11. Nd4 Bb7 12. f3 Rc8 13. Rc1 Ne5 14. b4 O-O 15. Be2
Nc4 16. Bxc4 Rxc4 17. O-O Nd7 18. Nb3 Qc7 19. Ne2 Ne5 20. Na5 Rxc1 21. Rxc1 Qd7
22. Bd4 Rc8 23. f4 Bh6 24. Rxc8+ Qxc8 25. Qc3 Nc4 26. Nxc4 Qxc4 27. Qxc4 bxc4
28. Kf2 e6 29. dxe6 fxe6 30. e5 dxe5 31. Bxe5 Kf7 32. a4 Bf8 33. b5 axb5 34.
axb5 Bc5+ 35. Bd4 Bd6 36. g3 h6 37. Ke3 g5 38. Nc3 gxf4+ 39. gxf4 Ba3 40. Be5
Bc5+ 41. Bd4 Ba3 42. Be5 Bc5+ 1/2-1/2

[Event "2. Bundesliga Ost 2012/2013"]
[Site "6.+7.10., 17.+18.11., 1.12., 2.+3.2., 9.+10.3., 6.
[Date "2012.11.18"]
[Round "4"]
[Board "5"]
[White "Hangweyrer, Manfred"]
[Black "Rainprecht, Bernhard"]
[Result "1-0"]
[WhiteElo "2367"]
[BlackElo "2125"]
[PlyCount "57"]
[EventDate "2012.10.06"]
[EventType "team"]
[EventRounds "11"]
[EventCountry "AUT"]
[WhiteTeam "ASVOE Pamhagen"]
[BlackTeam "Purbach"]

1. e4 e6 2. d3 d5 3. Qe2 Nf6 4. Nf3 b6 5. exd5 Qxd5 6. Nc3 Bb4 7. Bd2 Qh5 8. a3
Be7 9. h3 Bb7 10. Rg1 Qc5 11. O-O-O Nc6 12. d4 Qd6 13. g3 O-O 14. Bg2 a6 15.
Bf4 Qd8 16. Ne5 Nd5 17. Nxd5 exd5 18. h4 Bf6 19. Rge1 Re8 20. Qh5 Nxe5 21. dxe5
g6 22. Qg4 Bg7 23. Bg5 Qb8 24. Bxd5 Bxe5 25. Bxf7+ Kxf7 26. Rd7+ Kg8 27. Qc4+
Kh8 28. Rxe5 Rf8 29. Ree7 1-0

[Event "2. Bundesliga Ost 2012/2013"]
[Site "6.+7.10., 17.+18.11., 1.12., 2.+3.2., 9.+10.3., 6.
[Date "2012.11.18"]
[Round "4"]
[Board "6"]
[White "Heiny, Michael"]
[Black "Bezuch, Martin"]
[Result "1/2-1/2"]
[WhiteElo "2090"]
[BlackElo "2291"]
[PlyCount "62"]
[EventDate "2012.10.06"]
[EventType "team"]
[EventRounds "11"]
[EventCountry "AUT"]
[WhiteTeam "Purbach"]
[BlackTeam "ASVOE Pamhagen"]

1. d4 g6 2. c4 Bg7 3. Nc3 d6 4. Nf3 Nd7 5. e4 e5 6. Be2 Ne7 7. d5 h6 8. O-O O-O
9. b4 f5 10. Ne1 Nf6 11. f3 f4 12. c5 g5 13. a4 h5 14. a5 Rf7 15. a6 b6 16.
cxb6 cxb6 17. b5 g4 18. Ba3 Bf8 19. Nd3 Ng6 20. Rc1 g3 21. h3 Bxh3 22. gxh3 Qd7
23. Nf2 gxf2+ 24. Kxf2 Qxh3 25. Ke1 Rc8 26. Kd2 Rfc7 27. Rh1 Qd7 28. Qg1 Kh7
29. Qg5 Qf7 30. Bb4 Bh6 31. Qf5 Rd7 1/2-1/2